UBT Library

Food for us all. (Record no. 41539)

000 -LEADER
fixed length control field 00460cam a2200205 4500
001 - CONTROL NUMBER
control field 356323
005 - DATE AND TIME OF LATEST TRANSACTION
control field 20180201081307.0
008 - FIXED-LENGTH DATA ELEMENTS--GENERAL INFORMATION
fixed length control field 700120s1969 dcua 000 0 eng
010 ## - LIBRARY OF CONGRESS CONTROL NUMBER
LC control number 76604428
040 ## - CATALOGING SOURCE
Original cataloging agency DLC
Transcribing agency DLC
Modifying agency OCoLC
-- DLC
041 ## - LANGUAGE CODE
Language code of text/sound track or separate title eng
080 ## - UNIVERSAL DECIMAL CLASSIFICATION NUMBER
Universal Decimal Classification number 641.3
082 00 - DEWEY DECIMAL CLASSIFICATION NUMBER
Classification number 641.3
100 ## - Rafti
Rafti 10
101 ## - Shkurtesa
Shkurtesa nut
245 10 - TITLE STATEMENT
Title Food for us all.
350 ## - PRICE (NR) (BK AM CF MU VM SE) [OBSOLETE]
Price 3.50
906 ## - LOCAL DATA ELEMENT F, LDF (RLIN)
a 7
b cbc
c orignew
d u
e ncip
f 19
g y-gencatlg
942 ## - ADDED ENTRY ELEMENTS (KOHA)
Source of classification or shelving scheme
Item type Books
Holdings
Withdrawn status Lost status Source of classification or shelving scheme Damaged status Not for loan Collection code Permanent location Current location Shelving location Date acquired Total Checkouts Full call number Barcode Date last seen Price effective from Koha item type
          Koleksioni i përgjithshem UBT - Lipjan UBT - Lipjan Koleksioni i përgjithshem 02/01/2018   641.3 002-2997752 02/01/2018 02/01/2018 Books
UBT Library © 2015-2024. All rights reserved University Education for Business and Technology